Statistics for The Beatles - Strawberry Fields Forever

Click here to take the quiz!

General Stats

  • This quiz has been taken 164 times
  • The average score is 168 of 194

Answer Stats

Lyric% Correct
Fields
100%
Strawberry
100%
I
99%
Is
99%
Down
98%
Let
98%
Me
98%
No
98%
Not
98%
Nothing
98%
Real
98%
Take
98%
To
98%
You
98%
Forever
97%
Going
96%
A
95%
I'm
95%
About
94%
'Cause
92%
Hung
91%
Get
90%
And
89%
Be
86%
It
86%
Easy
84%
All
83%
It's
82%
Living
82%
Eyes
81%
With
81%
But
80%
Closed
80%
See
77%
Much
73%
My
73%
Out
73%
Works
73%
Doesn't
72%
In
72%
Matter
72%
Misunderstanding
71%
Think
70%
Hard
69%
One
69%
Or
69%
High
66%
Low
66%
Know
65%
Must
65%
Someone
63%
Getting
62%
Mean
61%
Dream
60%
Tree
60%
Wrong
58%
Too
57%
That
56%
Right
55%
Yes
54%
Bad
53%
Disagree
53%
When
51%
Tune
48%
Sometimes
44%
Can't
43%
Always
37%
Cranberry
35%
Sauce
35%
Er
24%

Score Distribution

Percentile by Number Answered

Percent of People with Each Score

Your Score History

You have not taken this quiz